00334nam a2200133Ia 4500008004100000041000800041082001400049100002100063245003300084260003100117300003400148365001200182440000600194240624s9999 xx 000 0 und d aeng a339.5 ROW aROWLEY CHARLES K aECONOMICS OF BUDGET DEFICITS c2002aLondonbEdward Elgar axlviii, : 465 : p. : cm. ; 25 cGBPb30 v2